| 000 | 00481nam a22001932 4500 | ||
|---|---|---|---|
| 001 | 0000002680 | ||
| 005 | 20151217151902.0 | ||
| 008 | 070418s xx 000 0 eng d | ||
| 020 | _a9966467521 : | ||
| 040 |
_aKABU _cKABU |
||
| 050 | 0 |
_aPL8704 _b.M64A44 |
|
| 100 | 1 |
_aMohamed, Said A. _@0000152151 |
|
| 245 | 1 | 0 | _aAmezidi. |
| 260 |
_aNairobi : _bEAEP, _c1995. |
||
| 300 | _a87 p. | ||
| 908 | _a070418 | ||
| 950 | _@1 | ||
| 999 |
_c5967 _d5967 |
||